Canada Football Team World Cup Starting XI - Statistics

General Stats
  • This quiz has been taken 409 times
  • The average score is 5 of 22
Answer Stats
Player % Correct
Alphonso Davies
98%
Jonathan David
85%
Atiba Hutchinson
47%
Tajon Buchanan
41%
Milan Borjan
32%
Alistair Johnston
30%
Stephen Eustáquio
30%
Kamal Miller
24%
Junior Hoilett
17%
Richie Laryea
17%
Steven Vitória
17%
Bruce Wilson
5%
Paul James
5%
Randy Samuel
5%
Bob Lenarduzzi
4%
Carl Valentine
4%
David Norman
4%
Gerry Gray
4%
Ian Bridge
4%
Igor Vrablic
4%
Randy Ragan
4%
Tino Lettieri
4%
No matching quizzes found
Score Distribution
Percent of People with Each Score
Percentile by Number Answered
Your Score History
You have not taken this quiz